000
00491nam a2200169Ia 4500
008
090711s9999 xx 000 0 und d
082
_b
72778
100
_a
बाबर सरोजिनी
245
_a
दसरा दिवाळी
260
_c
1990
300
_a
803
600
_a
बाबर सरोजिनी
630
_a
दसरा दिवाळी
700
_a
बाबर सरोजिनी
730
_a
दसरा दिवाळी
942
_c
BOOK
999
_c
286485
_d
286485